000 01137pam a2200301 a 4500
001 14093551
003 OSt
005 20240426124007.0
008 050831r20041993enka b 011 0 eng
010 _a 2005281526
020 _a0521617103 (pbk.)
040 _aDLC
_cDLC
_dDLC
050 0 0 _aQC6.2
_b.P48 2004
082 _a530 PHY 1993
100 _aEdited by Grandy, W.T. ; Milonni, P.W.
_916975
245 0 0 _aPhysics and Probability :
_bessays in honor of Edwin T. Jaynes
260 _aCambridge;
_bCambridge University Press,
_c1993
300 _ax, 284 p. :
_bill. ;
_c25 cm.
500 _aOriginally published in 1993.
504 _aIncludes bibliographical references and index.
650 0 _aPhysics.
_9809
650 0 _aProbabilities.
_92821
856 4 2 _3Publisher description
_uhttp://www.loc.gov/catdir/enhancements/fy0632/2005281526-d.html
856 4 1 _3Table of contents only
_uhttp://www.loc.gov/catdir/enhancements/fy0632/2005281526-t.html
906 _a7
_bcbc
_corigcop
_d3
_encip
_f20
_gy-gencatlg
942 _2ddc
_cSLOAN
999 _c3839
_d3839